[Event "Muensterland Verbandsliga 2526"]
[Site "Germany"]
[Date "2025.09.13"]
[Round "1"]
[Board "1"]
[White "Kluczka, Konrad"]
[Black "Vocke, Stefan"]
[Result "1-0"]
[WhiteElo "1809"]
[BlackElo "1916"]
[WhiteFideId "-1"]
[BlackFideId "-1"]
[PlyCount "77"]
[GameId "2223824108502450"]
[EventDate "2025.??.??"]
[EventType "team-tourn"]
[EventRounds "9"]
[EventCountry "GER"]
[SourceTitle "Verband Muensterland"]
[SourceDate "2025.11.13"]
[SourceVersion "1"]
[SourceVersionDate "2025.11.13"]
[SourceQuality "1"]
[WhiteTeam "Muenster Indische Dame"]
[BlackTeam "Ochtrup"]
[WhiteTeamCountry "GER"]
[BlackTeamCountry "GER"]

1. e4 c5 2. c3 Nf6 3. e5 Nd5 4. d4 cxd4 5. Nf3 Nc6 6. cxd4 d6 7. Bc4 Nb6 8. Bb5 dxe5 9. Nxe5 Bd7 10. Nxd7 Qxd7 11. O-O a6 12. Bxc6 bxc6 13. Qb3 Nd5 14. Nc3 e6 15. Nxd5 cxd5 16. Bf4 Bd6 17. Bxd6 Qxd6 18. Rac1 O-O 19. Rc5 Rab8 20. Qc3 Rb6 21. Rc1 h6 22. b4 Rfb8 23. a3 f6 24. Qd3 Rd8 25. Rc7 Rd7 26. Rc8+ Rd8 27. Qg6 Qf8 28. R8c7 Rbd6 29. Qg4 e5 30. Rb7 f5 31. Qg3 f4 32. Qg4 e4 33. Rcc7 g5 34. h4 Rg6 35. hxg5 hxg5 36. Qh3 Qh6 37. Qf5 Rf6 38. Qe5 f3 39. Rg7+ 1-0

[Event "Muensterland Verbandsliga 2526"]
[Site "Germany"]
[Date "2025.09.13"]
[Round "1"]
[Board "2"]
[White "Boehlich, Daniel"]
[Black "Frie, Michael"]
[Result "1/2-1/2"]
[WhiteElo "2031"]
[BlackElo "1858"]
[WhiteFideId "-1"]
[BlackFideId "-1"]
[PlyCount "46"]
[GameId "2223824108502452"]
[EventDate "2025.??.??"]
[EventType "team-tourn"]
[EventRounds "9"]
[EventCountry "GER"]
[SourceTitle "Verband Muensterland"]
[SourceDate "2025.11.13"]
[SourceVersion "1"]
[SourceVersionDate "2025.11.13"]
[SourceQuality "1"]
[WhiteTeam "Ochtrup"]
[BlackTeam "Muenster Indische Dame"]
[WhiteTeamCountry "GER"]
[BlackTeamCountry "GER"]

1. e4 d6 2. d4 g6 3. Nf3 Bg7 4. Nc3 Nf6 5. Bc4 O-O 6. Qe2 c6 7. Bb3 Qc7 8. O-O e5 9. a4 Nbd7 10. dxe5 dxe5 11. h3 Nc5 12. Bc4 Be6 13. Be3 Bxc4 14. Qxc4 Ne6 15. Rfd1 b6 16. Ng5 Nxg5 17. Bxg5 Rac8 18. Rd2 Rfd8 19. Rad1 Rxd2 20. Rxd2 h6 21. Be3 Nd7 22. Qd3 Nf8 23. Qd6 Ne6 1/2-1/2

[Event "Muensterland Verbandsliga 2526"]
[Site "Germany"]
[Date "2025.09.13"]
[Round "1"]
[Board "3"]
[White "Langheinrich, Joern"]
[Black "Moor, Daniel"]
[Result "1/2-1/2"]
[WhiteElo "1831"]
[BlackElo "1862"]
[WhiteFideId "-1"]
[BlackFideId "-1"]
[PlyCount "69"]
[GameId "2223824108502454"]
[EventDate "2025.??.??"]
[EventType "team-tourn"]
[EventRounds "9"]
[EventCountry "GER"]
[SourceTitle "Verband Muensterland"]
[SourceDate "2025.11.13"]
[SourceVersion "1"]
[SourceVersionDate "2025.11.13"]
[SourceQuality "1"]
[WhiteTeam "Muenster Indische Dame"]
[BlackTeam "Ochtrup"]
[WhiteTeamCountry "GER"]
[BlackTeamCountry "GER"]

1. e4 Nf6 2. Nc3 d5 3. exd5 Nxd5 4. Nxd5 Qxd5 5. Nf3 Bf5 6. Be2 Nc6 7. d4 O-O-O 8. c3 h6 9. O-O e6 10. Qb3 Bd6 11. Be3 Qxb3 12. axb3 a6 13. b4 Ne7 14. b5 axb5 15. Bxb5 c6 16. Be2 Nd5 17. Bd2 Nf4 18. Bxf4 Bxf4 19. b4 Bg4 20. Rfb1 e5 21. Nxe5 Bxe2 22. Nxf7 Bc4 23. Nxh8 Rxh8 24. g3 Bd6 25. Ra8+ Bb8 26. Re1 Kd7 27. f4 Rf8 28. Re5 Bxe5 29. Rxf8 Bf6 30. Kf2 Ke7 31. Rb8 Ba6 32. Ke3 Kd6 33. Ke4 Kc7 34. Rf8 Kd6 35. Rb8 1/2-1/2

[Event "Muensterland Verbandsliga 2526"]
[Site "Germany"]
[Date "2025.09.13"]
[Round "1"]
[Board "4"]
[White "Jacob, Helmut"]
[Black "Diersen, Joerg"]
[Result "1-0"]
[WhiteElo "1920"]
[BlackElo "1795"]
[WhiteFideId "-1"]
[BlackFideId "-1"]
[PlyCount "79"]
[GameId "2223824108502456"]
[EventDate "2025.??.??"]
[EventType "team-tourn"]
[EventRounds "9"]
[EventCountry "GER"]
[SourceTitle "Verband Muensterland"]
[SourceDate "2025.11.13"]
[SourceVersion "1"]
[SourceVersionDate "2025.11.13"]
[SourceQuality "1"]
[WhiteTeam "Ochtrup"]
[BlackTeam "Muenster Indische Dame"]
[WhiteTeamCountry "GER"]
[BlackTeamCountry "GER"]

1. e4 c5 2. d4 cxd4 3. c3 dxc3 4. Nxc3 Nc6 5. Nf3 e6 6. Bc4 a6 7. O-O b5 8. Bb3 Bb7 9. a3 Nge7 10. Bg5 f6 11. Be3 Ng6 12. Re1 Be7 13. Rc1 O-O 14. Nd5 Bxa3 15. Bb6 Qc8 16. bxa3 Kh8 17. Nb4 a5 18. Nxc6 Bxc6 19. Bc5 Re8 20. Nd4 Qb7 21. Nxc6 dxc6 22. Qc2 Qc7 23. Red1 Qf4 24. Be3 Qg4 25. f3 Qh5 26. Qf2 Ne5 27. h3 Rad8 28. Qe2 Qg6 29. Bf4 h5 30. Rxd8 Rxd8 31. Bxe5 fxe5 32. Rxc6 Qg5 33. Rc2 h4 34. Bxe6 Rd6 35. Bd5 Rg6 36. Qf2 Qf4 37. Qd2 Qxf3 38. Rc8+ Kh7 39. Bg8+ Kh8 40. Bf7+ 1-0

[Event "Muensterland Verbandsliga 2526"]
[Site "Germany"]
[Date "2025.09.13"]
[Round "1"]
[Board "5"]
[White "Brambrink, Ulf"]
[Black "Schwietering, Ralf"]
[Result "1/2-1/2"]
[WhiteElo "1790"]
[BlackElo "1774"]
[WhiteFideId "-1"]
[BlackFideId "-1"]
[PlyCount "104"]
[GameId "2223824108502458"]
[EventDate "2025.??.??"]
[EventType "team-tourn"]
[EventRounds "9"]
[EventCountry "GER"]
[SourceTitle "Verband Muensterland"]
[SourceDate "2025.11.13"]
[SourceVersion "1"]
[SourceVersionDate "2025.11.13"]
[SourceQuality "1"]
[WhiteTeam "Muenster Indische Dame"]
[BlackTeam "Ochtrup"]
[WhiteTeamCountry "GER"]
[BlackTeamCountry "GER"]

1. d4 d5 2. Nf3 Nf6 3. c3 h6 4. Bf4 Nh5 5. Be5 Nd7 6. e3 Nxe5 7. Nxe5 Nf6 8. Nd2 c6 9. Qc2 e6 10. Bd3 Bd6 11. Ndf3 Qc7 12. O-O O-O 13. c4 c5 14. b3 b6 15. Rac1 cxd4 16. exd4 Bb7 17. Qe2 Qe7 18. Nd2 Rac8 19. f4 Rfd8 20. f5 Ba3 21. fxe6 fxe6 22. Rc2 dxc4 23. Nexc4 Bb4 24. a3 Bxd2 25. Rxd2 Bd5 26. b4 Ne4 27. Rc2 Bxc4 28. Qxe4 Bxd3 29. Qxd3 Rxc2 30. Qxc2 Rxd4 31. Qc3 Qd7 32. Re1 Rd3 33. Qc4 Qd5 34. Qc8+ Kh7 35. Qc2 Qf5 36. Rxe6 Qxe6 37. Qxd3+ g6 38. g3 h5 39. Kg2 Qa2+ 40. Kg1 Qa1+ 41. Kg2 Qa2+ 42. Kg1 Qe6 43. Kg2 Qc6+ 44. Kg1 a5 45. bxa5 Qc5+ 46. Kg2 Qxa5 47. Qb3 Qd2+ 48. Kg1 Qe1+ 49. Kg2 Qe2+ 50. Kg1 b5 51. Qf7+ Kh6 52. Qf8+ Kh7 1/2-1/2

[Event "Muensterland Verbandsliga 2526"]
[Site "Germany"]
[Date "2025.09.13"]
[Round "1"]
[Board "6"]
[White "Schmerling, Janek"]
[Black "Knispel Roth, Martin"]
[Result "1/2-1/2"]
[WhiteElo "1732"]
[BlackElo "1796"]
[WhiteFideId "-1"]
[BlackFideId "-1"]
[PlyCount "38"]
[GameId "2223824108502460"]
[EventDate "2025.??.??"]
[EventType "team-tourn"]
[EventRounds "9"]
[EventCountry "GER"]
[SourceTitle "Verband Muensterland"]
[SourceDate "2025.11.13"]
[SourceVersion "1"]
[SourceVersionDate "2025.11.13"]
[SourceQuality "1"]
[WhiteTeam "Ochtrup"]
[BlackTeam "Muenster Indische Dame"]
[WhiteTeamCountry "GER"]
[BlackTeamCountry "GER"]

1. e4 e6 2. d4 d5 3. exd5 exd5 4. Nf3 Bd6 5. Bg5 Ne7 6. h3 Nbc6 7. Bd3 f6 8. Bh4 Bf5 9. c3 Qd7 10. Bg3 Bxg3 11. fxg3 O-O-O 12. Qc2 Bxd3 13. Qxd3 Nf5 14. Kf2 Rde8 15. b4 Nd6 16. Re1 Rxe1 17. Nxe1 Ne4+ 18. Kg1 Re8 19. Nd2 Nxd2 1/2-1/2

[Event "Muensterland Verbandsliga 2526"]
[Site "Germany"]
[Date "2025.09.13"]
[Round "1"]
[Board "7"]
[White "Glotzbach, Thomas"]
[Black "Holtmannspoetter, Thomas"]
[Result "1/2-1/2"]
[WhiteElo "1757"]
[BlackElo "1738"]
[WhiteFideId "-1"]
[BlackFideId "-1"]
[PlyCount "45"]
[GameId "2223824108502462"]
[EventDate "2025.??.??"]
[EventType "team-tourn"]
[EventRounds "9"]
[EventCountry "GER"]
[SourceTitle "Verband Muensterland"]
[SourceDate "2025.11.13"]
[SourceVersion "1"]
[SourceVersionDate "2025.11.13"]
[SourceQuality "1"]
[WhiteTeam "Muenster Indische Dame"]
[BlackTeam "Ochtrup"]
[WhiteTeamCountry "GER"]
[BlackTeamCountry "GER"]

1. e4 c5 2. c3 d5 3. exd5 Qxd5 4. d4 cxd4 5. cxd4 Nc6 6. Nf3 Bg4 7. Nc3 Qd8 8. d5 Nb8 9. Bb5+ Nd7 10. h3 a6 11. Ba4 Bxf3 12. Qxf3 b5 13. Bc2 Ngf6 14. Bf4 g6 15. O-O Bg7 16. Rad1 O-O 17. a3 Rc8 18. Bb3 Nh5 19. Bh2 Ne5 20. Qe2 Nc4 21. Bxc4 Rxc4 22. Rd3 Qd7 23. Re3 1/2-1/2

[Event "Muensterland Verbandsliga 2526"]
[Site "Germany"]
[Date "2025.09.13"]
[Round "1"]
[Board "8"]
[White "Kaiser, Guenter1"]
[Black "Tenberge, Norbert"]
[Result "0-1"]
[WhiteElo "1584"]
[BlackElo "1702"]
[WhiteFideId "-1"]
[BlackFideId "-1"]
[PlyCount "72"]
[GameId "2223824108502464"]
[EventDate "2025.??.??"]
[EventType "team-tourn"]
[EventRounds "9"]
[EventCountry "GER"]
[SourceTitle "Verband Muensterland"]
[SourceDate "2025.11.13"]
[SourceVersion "1"]
[SourceVersionDate "2025.11.13"]
[SourceQuality "1"]
[WhiteTeam "Ochtrup"]
[BlackTeam "Muenster Indische Dame"]
[WhiteTeamCountry "GER"]
[BlackTeamCountry "GER"]

1. e4 e5 2. Nf3 Nf6 3. d4 Nxe4 4. Bd3 d5 5. Nc3 Nxc3 6. bxc3 e4 7. Ng5 exd3 8. O-O Be7 9. Qh5 Bxg5 10. Bxg5 Qd6 11. Rae1+ Be6 12. f4 d2 13. Re3 O-O 14. f5 Bxf5 15. Be7 Qg6 16. Qxg6 Bxg6 17. Bxf8 Kxf8 18. Rd1 Bxc2 19. Rxd2 Bg6 20. Rde2 Nc6 21. Kf2 f6 22. Kg3 Re8 23. Rxe8+ Bxe8 24. Kf4 Bg6 25. h4 h5 26. g4 hxg4 27. Kxg4 Be4 28. Kf4 g6 29. Rd2 Na5 30. Rb2 b6 31. Rh2 Kf7 32. h5 g5+ 33. Ke3 Nc4+ 34. Kf2 a5 35. h6 Bh7 36. Ke2 f5 0-1

[Event "Muensterland Verbandsliga 2526"]
[Site "Germany"]
[Date "2025.09.13"]
[Round "1"]
[Board "1"]
[White "Lanfer, Stefan"]
[Black "Mullink, Jochem"]
[Result "1/2-1/2"]
[WhiteElo "1767"]
[BlackElo "2151"]
[WhiteFideId "-1"]
[BlackFideId "-1"]
[PlyCount "74"]
[GameId "2221883125932073"]
[EventDate "2025.??.??"]
[EventType "team-tourn"]
[EventRounds "9"]
[EventCountry "GER"]
[SourceTitle "Verband Muensterland"]
[SourceDate "2025.11.13"]
[SourceVersion "1"]
[SourceVersionDate "2025.11.13"]
[SourceQuality "1"]
[WhiteTeam "Gescher"]
[BlackTeam "Stadtlohn"]
[WhiteTeamCountry "GER"]
[BlackTeamCountry "GER"]

1. c4 e5 2. Nc3 Nf6 3. d3 d5 4. cxd5 Nxd5 5. Bd2 Be7 6. g3 O-O 7. Bg2 Nb6 8. Nf3 Nc6 9. O-O Bg4 10. a3 Re8 11. b4 Bf8 12. h3 Bh5 13. Be3 a5 14. Bxb6 cxb6 15. b5 Nd4 16. g4 Bg6 17. e4 Bc5 18. a4 f6 19. Rc1 Ne6 20. Nd5 Bf7 21. Qd2 Rc8 22. Rfd1 Qd6 23. Kh1 Ba3 24. Rxc8 Rxc8 25. Qe3 Rc2 26. Rd2 Bc1 27. Rxc2 Bxe3 28. fxe3 Nf8 29. Nd2 Bxd5 30. exd5 Qa3 31. Rc8 Kf7 32. Nc4 Qxa4 33. Nd6+ Kg8 34. Nxb7 e4 35. Bxe4 Qd1+ 36. Kh2 Qd2+ 37. Kh1 Qd1+ 1/2-1/2

[Event "Muensterland Verbandsliga 2526"]
[Site "Germany"]
[Date "2025.09.13"]
[Round "1"]
[Board "3"]
[White "Robers, Frank"]
[Black "Krosenbrink, Marcel"]
[Result "1/2-1/2"]
[WhiteElo "1679"]
[BlackElo "1885"]
[WhiteFideId "-1"]
[BlackFideId "-1"]
[PlyCount "93"]
[GameId "2221881513459751"]
[EventDate "2025.??.??"]
[EventType "team-tourn"]
[EventRounds "9"]
[EventCountry "GER"]
[SourceTitle "Verband Muensterland"]
[SourceDate "2025.11.13"]
[SourceVersion "1"]
[SourceVersionDate "2025.11.13"]
[SourceQuality "1"]
[WhiteTeam "Gescher"]
[BlackTeam "Stadtlohn"]
[WhiteTeamCountry "GER"]
[BlackTeamCountry "GER"]

1. e4 c6 2. g3 d5 3. d3 dxe4 4. dxe4 Qxd1+ 5. Kxd1 Nd7 6. Bg2 e5 7. Nf3 Bc5 8. Ke2 Ngf6 9. Nbd2 O-O 10. h3 b5 11. Rd1 Bb6 12. Kf1 Bb7 13. b3 c5 14. Bb2 Rfe8 15. Re1 Rac8 16. c4 a6 17. Rad1 Bc7 18. h4 Nb6 19. cxb5 axb5 20. Rc1 c4 21. Kg1 Bd6 22. bxc4 bxc4 23. Red1 Bb8 24. Rb1 Na4 25. Rdc1 c3 26. Bxc3 Nxc3 27. Rxc3 Rxc3 28. Rxb7 Ra3 29. Bf1 Rxa2 30. Bc4 Ra1+ 31. Kg2 Ra7 32. Bxf7+ Kf8 33. Rxa7 Bxa7 34. Bxe8 Kxe8 35. Nxe5 Bd4 36. Nec4 h5 37. f3 Kd7 38. Nb3 Ba7 39. Kf1 Kc6 40. Ke2 Kb5 41. Ne3 g6 42. Kd3 Bb8 43. Nd4+ Kc5 44. Ne2 Nd7 45. f4 Kd6 46. Nd4 Nc5+ 47. Ke2 1/2-1/2

[Event "Muensterland Verbandsliga 2526"]
[Site "Germany"]
[Date "2025.09.13"]
[Round "1"]
[Board "4"]
[White "Te Sligte, Bert"]
[Black "Priebs, Ludger"]
[Result "1/2-1/2"]
[WhiteElo "1805"]
[BlackElo "1749"]
[WhiteFideId "-1"]
[BlackFideId "-1"]
[PlyCount "108"]
[GameId "2221888223944749"]
[EventDate "2025.??.??"]
[EventType "team-tourn"]
[EventRounds "9"]
[EventCountry "GER"]
[SourceTitle "Verband Muensterland"]
[SourceDate "2025.11.13"]
[SourceVersion "1"]
[SourceVersionDate "2025.11.13"]
[SourceQuality "1"]
[WhiteTeam "Stadtlohn"]
[BlackTeam "Gescher"]
[WhiteTeamCountry "GER"]
[BlackTeamCountry "GER"]

1. e4 c5 2. Nf3 d6 3. d4 cxd4 4. Nxd4 Nf6 5. Nc3 a6 6. Be2 e6 7. O-O Be7 8. Be3 Bd7 9. f4 Qc7 10. a4 b6 11. g4 h5 12. g5 Ng4 13. Bxg4 hxg4 14. g6 f6 15. Qxg4 Qc8 16. f5 e5 17. Nf3 Bc6 18. Bxb6 Qb7 19. a5 Nd7 20. Ra2 Nxb6 21. axb6 Qxb6+ 22. Kg2 Rc8 23. Rd1 Bb7 24. Rd3 Rc4 25. Nd2 Rd4 26. Qf3 Rxd3 27. cxd3 Rh4 28. Nc4 Qb3 29. Qe2 d5 30. Na5 dxe4 31. Nxb3 exd3+ 32. Qf3 Bxf3+ 33. Kxf3 Rxh2 34. Ke3 Rh3+ 35. Kd2 Rf3 36. Rxa6 Rxf5 37. Nd5 Bd8 38. Ra7 e4 39. Ne3 Rf2+ 40. Kc3 f5 41. Nd5 Rc2+ 42. Kd4 d2 43. Nxd2 Rxd2+ 44. Ke5 Rxb2 45. Rxg7 Kf8 46. Rd7 Rb8 47. Kxf5 e3 48. Nxe3 Rb5+ 49. Nd5 Rb8 50. Ke6 Bh4 51. Kf5 Rd8 52. Ne7 Bxe7 53. Rxe7 Ra8 54. Kg5 Ra1 1/2-1/2

[Event "Muensterland Verbandsliga 2526"]
[Site "Germany"]
[Date "2025.09.13"]
[Round "1"]
[Board "5"]
[White "Reichardt, Markus"]
[Black "Van Harxen, Luc"]
[Result "1-0"]
[WhiteElo "1688"]
[BlackElo "1542"]
[WhiteFideId "-1"]
[BlackFideId "-1"]
[PlyCount "53"]
[GameId "2221878315221027"]
[EventDate "2025.??.??"]
[EventType "team-tourn"]
[EventRounds "9"]
[EventCountry "GER"]
[SourceTitle "Verband Muensterland"]
[SourceDate "2025.11.13"]
[SourceVersion "1"]
[SourceVersionDate "2025.11.13"]
[SourceQuality "1"]
[WhiteTeam "Gescher"]
[BlackTeam "Stadtlohn"]
[WhiteTeamCountry "GER"]
[BlackTeamCountry "GER"]

1. e4 e5 2. Nc3 Nf6 3. f4 d6 4. Nf3 Bg4 5. Bc4 Nbd7 6. O-O Be7 7. d3 c6 8. fxe5 Nxe5 9. Bb3 Nxf3+ 10. gxf3 Be6 11. Be3 Nd7 12. Qd2 Bf6 13. d4 Nb6 14. Bxe6 fxe6 15. b3 O-O 16. Rae1 Rf7 17. Ne2 Qe7 18. c4 Raf8 19. Ng3 Nd7 20. f4 c5 21. d5 e5 22. Nf5 Qd8 23. Nxd6 exf4 24. Rxf4 Bh4 25. Rxf7 Rxf7 26. Nxf7 Bxe1 27. Nxd8 1-0

[Event "Muensterland Verbandsliga 2526"]
[Site "Germany"]
[Date "2025.09.13"]
[Round "1"]
[Board "6"]
[White "Sholeh, Othman"]
[Black "Buening, Dennis"]
[Result "1-0"]
[WhiteElo "1453"]
[BlackElo "1557"]
[WhiteFideId "-1"]
[BlackFideId "-1"]
[PlyCount "119"]
[GameId "2221879349559333"]
[EventDate "2025.??.??"]
[EventType "team-tourn"]
[EventRounds "9"]
[EventCountry "GER"]
[SourceTitle "Verband Muensterland"]
[SourceDate "2025.11.13"]
[SourceVersion "1"]
[SourceVersionDate "2025.11.13"]
[SourceQuality "1"]
[WhiteTeam "Stadtlohn"]
[BlackTeam "Gescher"]
[WhiteTeamCountry "GER"]
[BlackTeamCountry "GER"]

1. Nf3 Nc6 2. d4 d5 3. h3 g6 4. Bf4 Bg7 5. e3 a6 6. c4 e6 7. Nc3 Nge7 8. h4 h5 9. Qd2 dxc4 10. Bxc4 Nf5 11. Bd3 Nd6 12. O-O-O Nb4 13. Be2 c6 14. e4 Nxa2+ 15. Nxa2 Nxe4 16. Qe3 Qa5 17. Kb1 Nf6 18. Qe5 Qd5 19. Qxd5 Nxd5 20. Bd6 Kd7 21. Be5 f6 22. Bg3 b5 23. Nd2 a5 24. Nb3 Bf8 25. Nc5+ Bxc5 26. dxc5 e5 27. f4 exf4 28. Bxf4 Ke6 29. Bd6 Kf7 30. Bf3 Bb7 31. Rde1 Rhe8 32. g4 hxg4 33. Bxg4 Rxe1+ 34. Rxe1 Re8 35. Rxe8 Kxe8 36. Bf3 Kf7 37. Bxd5+ cxd5 38. Kc2 Ke6 39. Kd3 Bc6 40. Nc1 Be8 41. Kd4 g5 42. h5 Bxh5 43. Bc7 Be8 44. Bxa5 Bc6 45. Bd8 g4 46. Ne2 f5 47. Nf4+ Kd7 48. Bh4 Bb7 49. b4 Kc6 50. Bg3 Bc8 51. Nxd5 Be6 52. Ne3 Bd7 53. Ke5 Bc8 54. Nxf5 Bxf5 55. Kxf5 Kd5 56. Kxg4 Ke6 57. Kf4 Kd5 58. Kf5 Kc6 59. Ke6 Kb7 60. Kd7 1-0

[Event "Muensterland Verbandsliga 2526"]
[Site "Germany"]
[Date "2025.09.13"]
[Round "1"]
[Board "7"]
[White "Mantwill, Reiner"]
[Black "Fremund, Colin Peter"]
[Result "1-0"]
[WhiteElo "1769"]
[BlackElo "1186"]
[WhiteFideId "-1"]
[BlackFideId "-1"]
[PlyCount "51"]
[GameId "2221876293734433"]
[EventDate "2025.??.??"]
[EventType "team-tourn"]
[EventRounds "9"]
[EventCountry "GER"]
[SourceTitle "Verband Muensterland"]
[SourceDate "2025.11.13"]
[SourceVersion "1"]
[SourceVersionDate "2025.11.13"]
[SourceQuality "1"]
[WhiteTeam "Gescher"]
[BlackTeam "Stadtlohn"]
[WhiteTeamCountry "GER"]
[BlackTeamCountry "GER"]

1. e4 e5 2. Nf3 Nc6 3. Bc4 Bc5 4. c3 Nf6 5. d4 exd4 6. e5 Ng4 7. cxd4 Bb4+ 8. Nc3 Bxc3+ 9. bxc3 h6 10. h3 d5 11. Bd3 Nxf2 12. Kxf2 O-O 13. Rf1 f6 14. Kg1 fxe5 15. Nxe5 Nxe5 16. dxe5 Be6 17. Ba3 Rxf1+ 18. Qxf1 Qh4 19. Bf5 Bxf5 20. Qxf5 Qa4 21. Bc1 d4 22. Qg4 c5 23. Bxh6 Kf7 24. Rf1+ Ke7 25. Bg5+ Ke8 26. Qe6# 1-0

[Event "Muensterland Verbandsliga 2526"]
[Site "Germany"]
[Date "2025.09.13"]
[Round "1"]
[Board "8"]
[White "Voss, Lenn Julien"]
[Black "Kamp, Silvia"]
[Result "0-1"]
[WhiteElo "917"]
[BlackElo "1582"]
[WhiteFideId "-1"]
[BlackFideId "-1"]
[PlyCount "142"]
[GameId "2221885063548971"]
[EventDate "2025.??.??"]
[EventType "team-tourn"]
[EventRounds "9"]
[EventCountry "GER"]
[SourceTitle "Verband Muensterland"]
[SourceDate "2025.11.13"]
[SourceVersion "1"]
[SourceVersionDate "2025.11.13"]
[SourceQuality "1"]
[WhiteTeam "Stadtlohn"]
[BlackTeam "Gescher"]
[WhiteTeamCountry "GER"]
[BlackTeamCountry "GER"]

1. e4 c5 2. d4 cxd4 3. c3 d3 4. Bxd3 Nc6 5. Ne2 e6 6. Bf4 Bc5 7. Bb5 Qb6 8. Qb3 Bxf2+ 9. Kd1 Nge7 10. Ba4 e5 11. Qxb6 Bxb6 12. Bxc6 Nxc6 13. Bg3 d6 14. h3 O-O 15. Na3 f5 16. Nc4 fxe4 17. Kc2 Bc7 18. Rad1 Rd8 19. Bh4 Rd7 20. Ng3 a6 21. Nxe4 d5 22. Nc5 Rf7 23. Ne3 d4 24. Rhf1 Rxf1 25. Nxf1 b6 26. Ne4 Bf5 27. Nfg3 Bg6 28. a3 Rf8 29. Rd2 Bxe4+ 30. Nxe4 Rf4 31. Bf2 Rxe4 32. cxd4 exd4 33. Kd3 Re7 34. Rc2 Ne5+ 35. Kxd4 Rd7+ 36. Ke4 Ng6 37. g3 Kf7 38. Rc6 Re7+ 39. Kd5 Rd7+ 40. Ke4 Re7+ 41. Kd5 Rd7+ 42. Ke4 Ne7 43. Rc2 b5 44. Bc5 Bxg3 45. Bd4 g6 46. Rg2 Nf5 47. Bc3 Re7+ 48. Kf3 Re3+ 49. Kg4 h5+ 50. Kg5 Bh4+ 51. Kf4 Rxh3 52. Bd2 Rg3 53. Rh2 Bg5+ 54. Ke4 Bxd2 55. Rxd2 h4 56. Rh2 Kf6 57. Kf4 g5+ 58. Ke4 Re3+ 59. Kd5 g4 60. Kc6 g3 61. Rh3 g2 62. Rxe3 Nxe3 63. Kb6 g1=Q 64. Kxa6 Qf1 65. b4 Ke6 66. Ka5 Nc4+ 67. Ka6 Qf2 68. Kb7 Kd7 69. a4 Qb6+ 70. Ka8 Kc7 71. axb5 Qb7# 0-1

[Event "Muensterland Verbandsliga 2526"]
[Site "Germany"]
[Date "2025.09.13"]
[Round "1"]
[Board "1"]
[White "Hofene, Dieter"]
[Black "Jansen, Dirk"]
[Result "1/2-1/2"]
[WhiteElo "1951"]
[BlackElo "1990"]
[WhiteFideId "-1"]
[BlackFideId "-1"]
[PlyCount "36"]
[GameId "2224480977614496"]
[EventDate "2025.??.??"]
[EventType "team-tourn"]
[EventRounds "9"]
[EventCountry "GER"]
[SourceTitle "Verband Muensterland"]
[SourceDate "2025.11.13"]
[SourceVersion "1"]
[SourceVersionDate "2025.11.13"]
[SourceQuality "1"]
[WhiteTeam "Beelen"]
[BlackTeam "Muenster SK IV"]
[WhiteTeamCountry "GER"]
[BlackTeamCountry "GER"]

1. e4 e6 2. d4 d5 3. Nc3 Nf6 4. e5 Nfd7 5. Qg4 c5 6. dxc5 Nxe5 7. Qg3 Nbc6 8. Nb5 Bxc5 9. Qxg7 Ng6 10. Qh6 a6 11. Nc3 Qb6 12. Nh3 Bd7 13. Bd3 Nce5 14. O-O Nxd3 15. cxd3 Bf8 16. Qg5 Be7 17. Qh6 Bf8 18. Qg5 Be7 1/2-1/2

[Event "Muensterland Verbandsliga 2526"]
[Site "Germany"]
[Date "2025.09.13"]
[Round "1"]
[Board "2"]
[White "Leder, Nils"]
[Black "Hanewinkel, Martin"]
[Result "1/2-1/2"]
[WhiteElo "1886"]
[BlackElo "1865"]
[WhiteFideId "-1"]
[BlackFideId "-1"]
[PlyCount "91"]
[GameId "2224481009948332"]
[EventDate "2025.??.??"]
[EventType "team-tourn"]
[EventRounds "9"]
[EventCountry "GER"]
[SourceTitle "Verband Muensterland"]
[SourceDate "2025.11.13"]
[SourceVersion "1"]
[SourceVersionDate "2025.11.13"]
[SourceQuality "1"]
[WhiteTeam "Muenster SK IV"]
[BlackTeam "Beelen"]
[WhiteTeamCountry "GER"]
[BlackTeamCountry "GER"]

1. Nf3 d6 2. c4 g6 3. Nc3 Bg7 4. d4 c6 5. Bf4 Nf6 6. h3 Nbd7 7. Qd2 h5 8. e4 Ng8 9. e5 dxe5 10. dxe5 Nc5 11. Qxd8+ Kxd8 12. Rd1+ Bd7 13. Ng5 Ke8 14. Be3 Ne6 15. Nxf7 Kxf7 16. Rxd7 Bxe5 17. Rxb7 Nf6 18. Na4 Rhd8 19. Be2 Nd4 20. Bd1 Ne4 21. O-O Nd6 22. Bxd4 Bxd4 23. Rc7 Rdc8 24. Rxc8 Rxc8 25. Re1 c5 26. Bf3 Kf6 27. Bd5 e5 28. Re2 Rb8 29. Kh2 g5 30. b3 a5 31. g3 Kf5 32. f3 Rf8 33. Kg2 Nc8 34. Bb7 Nd6 35. Be4+ Ke6 36. Nb6 Nc8 37. Nd5 Ne7 38. Nc7+ Kd7 39. Nb5 Nf5 40. Bxf5+ Rxf5 41. a4 h4 42. gxh4 gxh4 43. Re4 Rh5 44. f4 Ke6 45. fxe5 Bxe5 46. Rg4 1/2-1/2

[Event "Muensterland Verbandsliga 2526"]
[Site "Germany"]
[Date "2025.09.13"]
[Round "1"]
[Board "3"]
[White "Hofene, Josef"]
[Black "Voß, Norbert"]
[Result "1/2-1/2"]
[WhiteElo "1798"]
[BlackElo "1881"]
[WhiteFideId "-1"]
[BlackFideId "-1"]
[PlyCount "54"]
[GameId "2224481048135352"]
[EventDate "2025.??.??"]
[EventType "team-tourn"]
[EventRounds "9"]
[EventCountry "GER"]
[SourceTitle "Verband Muensterland"]
[SourceDate "2025.11.13"]
[SourceVersion "1"]
[SourceVersionDate "2025.11.13"]
[SourceQuality "1"]
[WhiteTeam "Beelen"]
[BlackTeam "Muenster SK IV"]
[WhiteTeamCountry "GER"]
[BlackTeamCountry "GER"]

1. e4 d6 2. d4 Nf6 3. Nc3 c6 4. Nf3 Bg4 5. Be2 e6 6. h3 Bh5 7. Be3 Be7 8. O-O d5 9. exd5 cxd5 10. Ne5 Bxe2 11. Nxe2 O-O 12. Ng3 Nc6 13. c3 Rc8 14. f4 g6 15. Nd3 Na5 16. Ne5 Nc4 17. Qe2 h5 18. f5 Nxe3 19. Qxe3 exf5 20. Qh6 Ng4 21. Qf4 Bg5 22. Qf3 Ne3 23. Rf2 Nc4 24. Re1 Nd2 25. Qe2 Ne4 26. Nxe4 dxe4 27. Ref1 Bh6 1/2-1/2